Manifest del Casal de la Cultura
Descripción Física:
1 full ; 34 cm
MARC
| LEADER | 00000nam a2200000Ia 4500 | ||
|---|---|---|---|
| 001 | 16426 | ||
| 008 | 160829s1937 xx 000 0 cat d | ||
| 080 | |a Q-277, exp. 103 | ||
| 110 | 2 | |a Casal de la Cultura (Barcelona, Catalunya) |9 55098 | |
| 245 | |a Manifest del Casal de la Cultura | ||
| 260 | |a Barcelona : |b L'Estampa, |c 1937 | ||
| 300 | |a 1 full ; |c 34 cm | ||
| 590 | |a Hi ha un duplicat a la mateixa capsa | ||
| 650 | |a Casal de la Cultura (Barcelona) | ||
| 651 | 0 | |a Espanya |x Història |y 1936-1939, Guerra Civil |9 55759 | |
| 901 | |a Arxiu | ||
| 942 | |n 1 | ||
| 952 | |0 0 |1 0 |4 0 |6 Q277_EXP_103 |7 1 |9 54708 |a Arxiu |b Arxiu |d 2016-12-01 |l 0 |o Q-277, exp. 103 |p 16426 |r 2016-12-01 00:00:00 |w 2016-12-01 |y ARXIU | ||
| 999 | |c 58577 |d 58577 | ||